000 00366nam a2200145 4500
999 _c786
_d786
008 191218b ||||| |||| 00| 0 eng d
082 0 0 _a621.72
_bW7462
100 _9312
_aWilson, John McC
245 1 0 _aPattern- Making
_cby John McC Wilson
250 _a1st ed.
260 _aLondon
_bConstable
_c1924
300 _a140 p.
650 0 _aPattern Making
942 _2ddc
_cBK